Central London offices report. - First quarter 1997 - Second quarter 1997 (Record no. 96407)

MARC details
000 -LEADER
fixed length control field 00710cam a2200265 4500
001 - CONTROL NUMBER
control field J83831
008 - FIXED-LENGTH DATA ELEMENTS--GENERAL INFORMATION
fixed length control field 090401t1997 xxu||||| |||| 00| 0 eng d
035 ## - SYSTEM CONTROL NUMBER
System control number (Sirsi) u78217
041 ## - LANGUAGE CODE
Language code of text/sound track or separate title eng
050 ## - LIBRARY OF CONGRESS CALL NUMBER
Classification number 333.33709421
110 ## - MAIN ENTRY--CORPORATE NAME
Corporate name or jurisdiction name as entry element Jones Lang Wootton
9 (RLIN) 2909
245 ## - TITLE STATEMENT
Title Central London offices report. - First quarter 1997 - Second quarter 1997
260 ## - PUBLICATION, DISTRIBUTION, ETC.
Place of publication, distribution, etc. London
Name of publisher, distributor, etc. Jones Lang Wootton
Date of publication, distribution, etc. 1997
300 ## - PHYSICAL DESCRIPTION
Extent 2 pt. ; 30cm.
350 ## - PRICE (NR) (BK AM CF MU VM SE) [OBSOLETE]
Price 0
650 ## - SUBJECT ADDED ENTRY--TOPICAL TERM
Topical term or geographic name entry element CENTRAL LONDON
650 ## - SUBJECT ADDED ENTRY--TOPICAL TERM
Topical term or geographic name entry element CITY OF LONDON
650 ## - SUBJECT ADDED ENTRY--TOPICAL TERM
Topical term or geographic name entry element DOCKLANDS
650 ## - SUBJECT ADDED ENTRY--TOPICAL TERM
Topical term or geographic name entry element FLOORSPACE STATISTICS
650 ## - SUBJECT ADDED ENTRY--TOPICAL TERM
Topical term or geographic name entry element OFFICES
650 ## - SUBJECT ADDED ENTRY--TOPICAL TERM
Topical term or geographic name entry element WEST END OF LONDON
690 ## - LOCAL SUBJECT ADDED ENTRY--TOPICAL TERM (OCLC, RLIN)
Topical term or geographic name as entry element PROPERTY-COMMERCIAL PROPERTY
942 ## - ADDED ENTRY ELEMENTS (KOHA)
Suppress in OPAC 0
948 ## - LOCAL PROCESSING INFORMATION (OCLC); SERIES PART DESIGNATOR (RLIN)
c (OCLC) 07/05/1997
Holdings
Withdrawn status Lost status Source of classification or shelving scheme Damaged status Not for loan Home library Current library Shelving location Date acquired Total Checkouts Full call number Barcode Date last seen Date last checked out Copy number Price effective from Koha item type
    Dewey Decimal Classification     London London Property market reports 14/09/1999 1 PROPERTY MARKET REPORTS 30052295 06/08/2019 28/10/1999 1 06/08/2019 Book
    Dewey Decimal Classification     London London Property market reports 14/09/1999 1 PROPERTY MARKET REPORTS 30053599 06/08/2019 28/10/1999 2 06/08/2019 Book